| 000 | 00507nam a22001817a 4500 | ||
|---|---|---|---|
| 001 | BD-DhSAU 1858 | ||
| 003 | BD-DhSAU | ||
| 005 | 20150121124712.0 | ||
| 008 | 150121b1981 b ||||| |||| 00| 0 eng d | ||
| 040 | _aBD-DhSAU | ||
| 082 |
_222 _a519.2 _bRAT |
||
| 100 | _aRahman, Matiur | ||
| 245 |
_aA treatise on methods of statistics and their applications / _cMatiur Rahman |
||
| 260 |
_aDhaka : _bJharna publisher ; _cc1981. |
||
| 300 |
_aix, 452 p.: _bill. ; _c20 cm. |
||
| 590 | _aIMRAN | ||
| 650 | _aStatistics | ||
| 942 |
_2ddc _cBOOK |
||
| 999 |
_c1858 _d1858 |
||